000 00496nam a2200181Ia 4500
005 20250317123155.0
008 008 250317s9999 xx 000 0 eng d
037 _aTextbook
040 _aFMSL
_beng
_cFMSL
041 _aeng
_2eng
084 _aX:8D N0
_qFMSL
100 _aVickery B C
245 0 _aTechniques of information retrieval
260 _aLondon
_bLondon, Butter Worths
_c1970
300 _a262p
942 _cTB
_hX:8D N0
999 _c1250193
_d1250193